| 000 | 00797cam a22002773a 4500 | ||
|---|---|---|---|
| 001 | 17161 | ||
| 003 | PGUSA | ||
| 005 | 20140828083351.0 | ||
| 008 | 051126s2005||||xxu|||||s|||||000 p eng d | ||
| 040 |
_aPGUSA _beng |
||
| 042 | _adc | ||
| 050 | 4 | _aPZ | |
| 050 | 4 | _aPT | |
| 100 | 1 |
_aBusch, Wilhelm, _d1832-1908 |
|
| 245 | 1 | 0 |
_aMax und Moritz : _bEine Bubengeschichte in sieben Streichen _h[electronic resource] / _cWilhelm Busch |
| 260 |
_bProject Gutenberg, _c2005 |
||
| 500 | _aIllustrated | ||
| 506 | _aPublic domain in the USA. | ||
| 516 | _aElectronic text | ||
| 653 | _aChildren's poetry, German | ||
| 653 | _aWit and humor | ||
| 653 | _aPractical jokes -- Juvenile poetry | ||
| 830 | 0 |
_aProject Gutenberg _v17161 |
|
| 856 | 4 | 0 | _uhttp://www.gutenberg.org/ebooks/17161 |
| 942 | _cEB | ||
| 999 |
_c246416 _d246416 |
||